Hollow Knight - All bosses - Statistics

General Stats
  • This quiz has been taken 5,508 times
    5,505 since last reset
  • The average score is 32 of 46
Answer Stats
Hint Answer % Correct
A maggot in the stolen shell of Hegemol False Knight
94%
Daughter of Herrah found in Greenpath Hornet Protector
94%
Leaders of a tribe of fine warriors in the Fungal Wastes Mantis Lords
88%
Likely the first boss you encounter - sleeps in her chamber in Forgotten Crossroads Gruz Mother
87%
Skilled combatant living at the heart of the Waterways Dung Defender
84%
Vessel chosen by the Pale King to seal away the Radiance and save Hallownest from the Infection Hollow Knight
84%
Head of the Soul Sanctum, hoards soul to overcome the infection Soul Master
83%
Mimics the shape of other creatures to lure prey to its lair Nosk
82%
Forgotten light, source of the infection The Radiance
81%
Heavyset miner of the Crystal Peak overcome by crystal growth Crystal Guardian
78%
Dark figure locked inside the Tower of Love, preserves creatures in glass jars with particular attention given to Grubs The Collector
78%
Shattered corpse, reanimated by infected parasites Broken Vessel
77%
Loyal protector of the Hive's Queen Hive Knight
77%
Deposed Lord of the Mantis tribe, embraced the infection and turned against his sisters Traitor Lord
77%
Master of a mysterious travelling circus, seeks to complete their ritual wherever the Nightmare Lantern has been lit Troupe Master Grimm
75%
Fallen warrior who stripped her eyes out to avoid the infection No Eyes
74%
Defend the entrance to the Watcher's Spire, their shells re-animated by a swarm of infected flies Watcher Knights
74%
Intelligent being that guards the inner chamber of the Teacher's Archives Uumuu
73%
The chosen vessel, raised and trained to prime form, found in Godhome Pure Vessel
71%
Has captured Zote in Greenpath Vengefly King
71%
The fallen vessel, remembered in dreams Lost Kin
70%
One of the Five Knights, at the peak of his past glory White Defender
70%
Found in the Nightmare Realm, his thought are focused on his enslavement to the Heart Nightmare King Grimm
69%
Haunts the Soul Sanctum in dreams, intoxicated by its own power Soul Tyrant
69%
Legendary sage of the nail arts and, recently, merchant of some success Great Nailsage Sly
68%
Family of creatures that bulk themselves up with moss to appear bigger Massive Moss Charger
68%
Second encounter with this now more skilled warrior in the Kingdom's Edge Hornet Sentinel
67%
She is the perfect form of the light and sits at the peak of the Pantheon of Hallownest Absolute Radiance
66%
An insatiable breeder. Has populated the Waterways with its kind Flukemarm
66%
Mystic creature with a distended brain who claimed to be all-knowing, buried atop Howling Cliffs Gorb
66%
The crystal miner returns, stronger and angrier than before Enraged Guardian
65%
A creature hidden in the Forgotten Crossroads, far from its home in the Ancient Basin Brooding Mawlek
64%
Scholars who enhanced their combat abilities with stolen soul, wielding a refined pinblade Soul Warrior
64%
Lingering dream of a fallen warrior, executed for crimes against the King Xero
63%
The Maggot returns in dreams, still searching for power Failed Champion
62%
Only member of his forgotten tribe to take up a weapon, his remains are found at the Kingdom's Edge Markoth
62%
All three warior sisters, united in Godhome Sisters of Battle
62%
Brothers of the nail, trained in combat by the Great Nailsage Brothers Oro & Mato
59%
Veteran warrior of the Colosseum of Fools, compensates her small stature by the strength of her tamed beast God Tamer
59%
A traveling sage who sought to purify Hallownest from the Infection, was killed by the Mantises after he attacked them by mistake Elder Hu
57%
Innocent-minded yet strong protector of the Queen's Gardens, a totem marks her grave Marmu
57%
Hung up his nail to become an artist, finds peace with the Nailsmith Paintmaster Sheo
56%
Figment of an obsessed mind, a self-proclaimed Knight, of no renown Grey Prince Zote
54%
Brave and undefeated warrior who perished in Deepnest trying to prove himself to the King Galien
52%
Flying beast, which mimics Hornet in Godhome Winged Nosk
52%
Pairs with a mate for life and will never leave its side, fought in the Colosseum of Fools Oblobbles
48%
No matching quizzes found
Score Distribution
Percent of People with Each Score
Percentile by Number Answered
Your Score History
You have not taken this quiz since the last reset